00786pam a2200253 a 4500001000800000005001700008008004100025010001700066020003200083040001800115041000800133042000900141043001200150080002100162082002500183100000700208101000800215245005100223504006400274906004500338942001200383999001700395952012000412394302620180214050120.0930813s1994 nyua j b 001 0 eng  a 93030330  a0195081250 (acidfree paper) aDLCcDLCdDLC aeng alcac an-us--- a305.409730 mar00a305.409730 mar2201 a16 ahis14aThe limits of independence :cMarylynn Salmon. aIncludes bibliographical references (p. 137-139) and index. a7bcbccorignewd1eocipf19gy-gencatlg 2ddccBK c42485d42485 00102udc40708PËKGa002b002cPËKGd2018-02-14l0o305.409730 marp002-2998160r2018-02-14w2018-02-14yBK